00635nam a22001817a 4500003000900000008004100009040007100050082001800121100002800139245003500167260003700202300002600239505011800265650001500383650002100398650001100419650002300430AR-CdUCM190507b ||||| |||| 00| 0 spa d aMUNICIPALIDAD PROVINCIAL DEL CUSCOcBIBLIOTECA MUNICIPAL DEL CUSCO a868.67 /bJ55 aJiménez, Juan Ramón aPajinas escojidas : bverso /  aMadrid : bEdit. Gredos, c1958. a238 paginas ;c20 cm. aContenido : Primeras poesías -- Arias tristes -- Jardines lejanos --Las hojas verdes -- Baladas de primavera... aPoesías  aPoemas mágicos aVersos aLiteratura europea